Statistics for Netherlands True or False?

Click here to take the quiz!

General Stats

  • This quiz has been taken 697 times
  • The average score is 11 of 15

Answer Stats

QuestionAnswer% Correct
Vincent Van Gogh was Dutch.True
91%
The Netherlands are part of the Benelux.True
84%
The Netherlands were the first country to legalize same sex marriage.True
82%
There are more bicycles than people in Netherlands.True
82%
Around 1636-1637, a tulip cost around a whole year of average salary in the Netherlands: it's considered as the first market crash.True
81%
The Netherlands are the country with the tallest people in the world.True
80%
German is a Dutch official language.False
79%
The Netherlands have the lowest average elevation in Europe.True
75%
The Netherlands are a Republic.False
72%
Holland is an other official name for Netherlands.False
66%
The Netherlands share Saint Martin island with the United Kingdom.False
64%
Guyana is a former Dutch colony.False
56%
The Netherlands have already hosted the Olympics Games.True
56%
The Netherlands are the country in Europe with the highest drug consumption.False
53%
The Netherlands are the country of origin of coloured tulips.False
41%

Score Distribution

Percentile by Number Answered

Percent of People with Each Score

Your Score History

You have not taken this quiz